The use and abuse of biology : an anthropological critique of sociobiology
Saved in:
| Main Author: | |
|---|---|
| Format: | Book |
| Language: | English |
| Published: |
[London] :
Tavistock Publications,
1977, c1976.
|
| Series: | Social science paperbacks
|
| Subjects: | |
| Tags: |
Add Tag
No Tags, Be the first to tag this record!
|
MARC
| LEADER | 00000cam a2200000 i 4500 | ||
|---|---|---|---|
| 001 | 1/43014 | ||
| 008 | 070403s1977 enk| ||| |||| ||eng|| | ||
| 020 | |a 0422762709 | ||
| 035 | |l 10087500 | ||
| 040 | |a GR-MyUa |b gre |e AACR2 | ||
| 041 | 0 | |a eng | |
| 082 | 7 | |a 306.4 |2 (22) | |
| 100 | 1 | |a Sahlins, Marshall, |d 1930- | |
| 245 | 1 | 4 | |a The use and abuse of biology : |b an anthropological critique of sociobiology / |c Marshall Sahlins. |
| 260 | |a [London] : |b Tavistock Publications, |c 1977, c1976. | ||
| 300 | |a xv, 120 σ. ; |c 19 εκ. | ||
| 490 | 1 | |a (Social science paperbacks) | |
| 504 | |a Βιβλιογραφία: σ. 115-120. | ||
| 650 | 0 | |a Sociology. | |
| 767 | 0 | 8 | |i Μεταφρασμένο ως: |t Χρήσεις και καταχρήσεις της βιολογίας : |
| 767 | 0 | 8 | |i Μεταφρασμένο ως: |t Critique de la sociobiologie : |
| 830 | 0 | |a Social science paperbacks | |
| 852 | |a INST |b LESVOS |e 20070403 |h 306.4 SAH |p 005100037103 |q 005100037103 |t BK |y 0 | ||
| 901 | |a BIBL1-2007-1 | ||
| 970 | |a ΒΑΡΚΑ |b ΕΛΕΥΘΕΡΙΑ |z 2007/04/03 | ||